Gender, race, and intersectionality on the federal appellate bench

Gespeichert in:  
Bibliographische Detailangaben
VerfasserInnen: Collins, Todd 1958- (Verfasst von) ; Moyer, Laura (Verfasst von)
Medienart: Elektronisch Aufsatz
Sprache:Englisch
Veröffentlicht: 2008
In: Political research quarterly
Jahr: 2008, Band: 61, Heft: 2, Seiten: 219-227
Online-Zugang: Volltext (kostenfrei)
Verfügbarkeit prüfen: HBZ Gateway

MARC

LEADER 00000caa a22000002c 4500
001 1912566486
003 DE-627
005 20250124054953.0
007 cr uuu---uuuuu
008 241217s2008 xx |||||o 00| ||eng c
024 7 |a 10.1177/1065912907306467  |2 doi 
035 |a (DE-627)1912566486 
035 |a (DE-599)KXP1912566486 
040 |a DE-627  |b ger  |c DE-627  |e rda 
041 |a eng 
084 |a 2,1  |2 ssgn 
100 1 |a Collins, Todd  |d 1958-  |e VerfasserIn  |0 (DE-588)1033880477  |0 (DE-627)742724611  |0 (DE-576)381551911  |4 aut 
109 |a Collins, Todd 1958- 
245 1 0 |a Gender, race, and intersectionality on the federal appellate bench 
264 1 |c 2008 
336 |a Text  |b txt  |2 rdacontent 
337 |a Computermedien  |b c  |2 rdamedia 
338 |a Online-Ressource  |b cr  |2 rdacarrier 
700 1 |a Moyer, Laura  |e VerfasserIn  |4 aut 
773 0 8 |i Enthalten in  |t Political research quarterly  |d London [u.a.] : Sage Publ., 1993  |g 61(2008), 2, Seite 219-227  |h Online-Ressource  |w (DE-627)341903280  |w (DE-600)2070095-7  |w (DE-576)103116117  |x 1938-274X  |7 nnas 
773 1 8 |g volume:61  |g year:2008  |g number:2  |g pages:219-227 
787 0 8 |i Forschungsdaten  |a Songer, Donald R.  |t United States Courts of Appeals Database Phase 1, 1925-1988  |d [Erscheinungsort nicht ermittelbar] : [Verlag nicht ermittelbar], 1998  |w (DE-627)1840060050 
787 0 8 |i Forschungsdaten  |a Zuk, Gary  |t Multi-User Database on the Attributes of United States Appeals Court Judges, 1801-2000  |d [Erscheinungsort nicht ermittelbar] : [Verlag nicht ermittelbar], 1997  |w (DE-627)1840055189 
856 |u https://ir.library.louisville.edu/cgi/viewcontent.cgi?article=1074&context=faculty  |x unpaywall  |z Vermutlich kostenfreier Zugang  |h repository [oa repository (via OAI-PMH title and first author match)] 
856 4 0 |u https://doi.org/10.1177/1065912907306467  |x Resolving-System  |z kostenfrei  |3 Volltext  |7 0 
935 |a mkri 
951 |a AR 
ELC |a 1 
LOK |0 000 xxxxxcx a22 zn 4500 
LOK |0 001 4637531985 
LOK |0 003 DE-627 
LOK |0 004 1912566486 
LOK |0 005 20241217044518 
LOK |0 008 241217||||||||||||||||ger||||||| 
LOK |0 035   |a (DE-2619)ICPSR132472 
LOK |0 040   |a DE-2619  |c DE-627  |d DE-2619 
LOK |0 092   |o n 
LOK |0 852   |a DE-2619 
LOK |0 852 1  |9 00 
LOK |0 935   |a nacp 
LOK |0 939   |a 17-12-24  |b l01 
OAS |a 1 
ORI |a SA-MARC-krimdoka001.raw